Total Telecom (Record no. 120098)

MARC details
000 -LEADER
fixed length control field 00834cam a2200229 4500
001 - CONTROL NUMBER
control field WS118830
008 - FIXED-LENGTH DATA ELEMENTS--GENERAL INFORMATION
fixed length control field 020715n 000 0 eng u
035 ## - SYSTEM CONTROL NUMBER
System control number (Sirsi) u118830
110 ## - MAIN ENTRY--CORPORATE NAME
Corporate name or jurisdiction name as entry element Emap Communications Group
9 (RLIN) 4283
245 ## - TITLE STATEMENT
Title Total Telecom
520 ## - SUMMARY, ETC.
Summary, etc. Web site which aims to deliver news and views on the global telecoms industry. Much of the site is free but there are added subscription services. Includes details of news and a glossary of terms.
650 ## - SUBJECT ADDED ENTRY--TOPICAL TERM
Topical term or geographic name entry element MOBILE PHONES
650 ## - SUBJECT ADDED ENTRY--TOPICAL TERM
Topical term or geographic name entry element SATELLITE COMMUNICATIONS
650 ## - SUBJECT ADDED ENTRY--TOPICAL TERM
Topical term or geographic name entry element INTERNET
650 ## - SUBJECT ADDED ENTRY--TOPICAL TERM
Topical term or geographic name entry element E-COMMERCE
650 ## - SUBJECT ADDED ENTRY--TOPICAL TERM
Topical term or geographic name entry element NETWORK INFRASTRUCTURE
650 ## - SUBJECT ADDED ENTRY--TOPICAL TERM
Topical term or geographic name entry element GLOSSARY
650 ## - SUBJECT ADDED ENTRY--TOPICAL TERM
Topical term or geographic name entry element TELECOMMUNICATIONS
690 ## - LOCAL SUBJECT ADDED ENTRY--TOPICAL TERM (OCLC, RLIN)
Topical term or geographic name as entry element TRANSPORT AND COMMUNICATIONS
856 40 - ELECTRONIC LOCATION AND ACCESS
Uniform Resource Identifier <a href="https://www.totaltele.com">https://www.totaltele.com</a>
Public note View the website free of charge at www.totaltele.com...
942 ## - ADDED ENTRY ELEMENTS (KOHA)
Suppress in OPAC 0
Holdings
Withdrawn status Lost status Source of classification or shelving scheme Damaged status Not for loan Home library Current library Shelving location Date acquired Total Checkouts Full call number Barcode Date last seen Copy number Price effective from Koha item type
    Dewey Decimal Classification     Virtual Virtual Online 15/07/2002   WEB SITE 118830-2001 06/08/2019 1 06/08/2019 Online material